[Event "Caplin British Online-ch Open 2020"]
[Site "Online"]
[Date "2020.12.27"]
[Round "4.3"]
[White "Toczek, Grzegorz"]
[Black "Ghasi, Ameet K"]
[Result "0-1"]
[WhiteElo "2271"]
[BlackElo "2485"]
[Annotator "TA"]
[PlyCount "140"]
[EventDate "2020.12.21"]
[EventType "swiss"]
[EventCountry "NET"]
[SourceTitle "playchess.com"]
[Source "ChessBase"]
[SourceQuality "1"]

{[%evp 14,140,52,47,63,36,64,64,107,15,49,50,43,43,58,57,72,73,55,63,70,28,26,19,21,20,23,0,0,0,0,-4,0,0,0,0,0,0,0,0,0,0,0,0,0,0,0,0,0,0,0,0,0,0,0,0,0,0,0,0,0,0,0,0,0,0,0,0,0,0,0,-4,-8,-8,0,-13,-8,-13,-14,-58,-57,-64,-64,-62,-62,-62,-48,-72,-72,-72,-53,-68,-40,-38,0,0,0,-18,-19,-18,-16,-70,-70,-70,-8,-14,-8,-14,0,-65,-64,-68,-8,-301,-301,-294,-285,-469,-206,-6087,-5929,-5785,-5081,-1159,-691,-29981,-29982,-29984,-29979]} 1. d4 Nf6 2. Nc3 d6 3. e4 g6 4. f4 Bg7 5. Nf3 O-O 6. Bd3 Na6 7. O-O c5 8. d5 Nb4 {B09: Pirc Defence: Austrian Attack.} 9. Bc4 Rb8 10. Qe2 e6 {White is slightly better.} 11. dxe6 (11. a3 $16) 11... Bxe6 $11 12. Bxe6 fxe6 13. e5 Nfd5 14. Ne4 dxe5 15. fxe5 Qc7 16. Bg5 c4 17. Nf6+ {[%mdl 64] [#] Decoy} (17. Rae1 {with more complications.} Kh8 18. a3 Nc6 19. Qxc4 b5 20. Qc5) 17... Nxf6 $146 ({Predecessor:} 17... Kh8 18. a3 Nc6 19. Qxc4 Nxf6 20. exf6 Bxf6 21. Rab1 e5 22. Be3 b5 23. Qe4 Rbd8 {1-0 (38) Voelker,M-Juelich,T corr 1998}) 18. exf6 Bxf6 19. Qxe6+ Qf7 20. Qxf7+ Rxf7 21. Bxf6 Rxf6 22. Ne5 Re6 23. Nxc4 Nxc2 24. Rad1 Rc8 25. b3 Rc7 26. Rd2 Nb4 27. a4 Rce7 28. h3 Kg7 29. Rfd1 Na6 30. a5 h5 31. Rd5 Nb4 32. Rd7 Nc6 33. Rxe7+ Rxe7 {[%mdl 4096] Endgame KRN-KRN} 34. Rd6 a6 35. Kf2 Kh6 36. Rd5 Nb4 37. Rd6 Kg5 38. Nd2 Kf5 39. g4+ hxg4 40. hxg4+ Ke5 41. Nc4+ Kf4 42. Nd2 Nc6 43. Rxg6 Nxa5 44. Rb6 Kxg4 45. Nc4 Nc6 46. Nd6 Nd8 $1 47. Rb4+ Kg5 48. Rc4 Kf6 49. Rc8 Rd7 50. Nc4 Nc6 51. Ke3 Ke6 52. Rh8 Re7 53. Kd3 Kd7 54. Nb6+ Ke6 55. Rh6+ Kf5 56. Kc4 Re4+ 57. Kc5 (57. Kc3 $1 $11) 57... Rb4 $1 $15 {[%cal Rb4b5] aiming for ...Rb5+.} 58. Nc4 Rb5+ (58... Rxb3 $15 59. Nd6+ Kg5) 59. Kd6 $11 Rxb3 {...Rc3 is the strong threat.} 60. Kc7 $1 Nd4 61. Nd6+ (61. Na5 $11) 61... Kg5 $15 62. Nf7+ Kg4 ({Better is} 62... Kf4 $1 $15 63. Rh4+ Ke3) 63. Rf6 $2 {[%mdl 8192] [#] This move loses the game for White.} (63. Rb6 $11 {and White has nothing to worry.}) 63... a5 $1 $19 64. Ne5+ Kg5 65. Rb6 $2 (65. Rf2 {was the only chance.}) 65... a4 (65... Kf4 $142 {Threatens to win with ...Rxb6.} 66. Rxb3 Nxb3) 66. Nc4 $2 (66. Rxb3 Nxb3 67. Nd3) 66... Rc3 67. Kd6 Rxc4 68. Kd5 {[#]} a3 $1 {[%cal Ba4a3,Ba3a2][%mdl 32]} 69. Rxb7 (69. Kxc4 a2) 69... Ra4 70. Rb1 a2 {Weighted Error Value: White=0.08/Black=0.07} 0-1

[Event "Caplin British Online-ch Open 2020"]
[Site "Online"]
[Date "2020.12.27"]
[Round "4.4"]
[White "Fernandez, Daniel Howard"]
[Black "Tanmay Chopra"]
[Result "1/2-1/2"]
[WhiteElo "2466"]
[BlackElo "2273"]
[Annotator "TA"]
[PlyCount "86"]
[EventDate "2020.12.21"]
[EventType "swiss"]
[EventCountry "NET"]
[SourceTitle "playchess.com"]
[Source "ChessBase"]
[SourceQuality "1"]

{[%evp 9,86,0,2,0,10,13,12,2,4,0,0,0,1,0,0,0,0,-8,0,0,13,7,21,8,12,7,8,0,0,-7,0,-52,-59,-188,-188,-188,-187,-180,-180,-261,-150,-144,-143,-142,-117,-118,-97,-101,-102,-107,-75,-104,-70,-113,-96,-96,-53,-88,0,-38,-25,-54,0,-8,0,0,0,-9,-8,-8,-2,-3,-11,-25,0,0,0,-52,-50]} 1. d4 Nf6 2. c4 e6 3. a3 d5 4. Nc3 c6 5. cxd5 exd5 6. Bf4 {E00: Catalan Bogo-Indian (3 g3 Bb4+).} Bd6 7. Bxd6 Qxd6 8. e3 {The position is equal.} Bf5 9. Bd3 (9. Qb3 {seems wilder.} Qc7 10. Nf3 h6 11. Rc1 Qb6 12. Nd2) 9... Bxd3 10. Qxd3 O-O 11. Nf3 Nbd7 12. O-O Rfe8 13. Qc2 a5 14. Rab1 b5 {[#]} 15. a4 $146 ({Predecessor:} 15. Rfc1 Nb6 16. Ne5 Nc4 17. Nxc4 bxc4 18. b3 Ng4 19. g3 Qh6 20. h4 cxb3 21. Rxb3 Nxe3 22. fxe3 Rxe3 {1-0 (31) Gerusel,M (2323)-Kniest,O (2293) Germany 2003}) 15... b4 16. Ne2 c5 17. dxc5 Nxc5 18. Rbc1 Rac8 19. Nf4 Qd7 20. Nd3 (20. Ra1 $11) 20... Nxa4 $15 21. Nfe5 Rxc2 $19 22. Nxd7 Rec8 ({Inferior is} 22... Nxb2 23. Rxc2 Nxd3 24. Nxf6+ gxf6 25. Ra2 $14) 23. Nxf6+ gxf6 24. Ra1 (24. b3 $142 Rxc1 25. Rxc1 Rxc1+ 26. Nxc1) 24... Nc5 (24... Nxb2 $19 25. Nxb2 Rxb2 26. Rxa5 Rb8 27. Rxd5 b3) 25. Nxc5 $17 R8xc5 {[%mdl 4096] Endgame KRR-KRR} 26. b3 Rd2 27. g3 Rc3 28. Rxa5 Rxb3 29. Rb5 Rbb2 30. Kg2 b3 31. Rb4 Kf8 32. g4 Ke7 33. Rb6 Kf8 (33... Kd8 $17) 34. Kg3 Kg7 35. Rb4 Kg6 (35... f5 $5) 36. h4 $1 Kg7 37. h5 h6 38. Rb8 d4 39. exd4 Rxd4 40. Re1 f5 41. gxf5 Kf6 42. Re3 Rd5 43. Rb6+ ({White should try} 43. f4 $11) 43... Kg5 {White happily takes the draw.  Weighted Error Value: White=0.14/Black=0.16} 1/2-1/2

[Event "Caplin British Online-ch Open 2020"]
[Site "Online"]
[Date "2020.12.27"]
[Round "4.5"]
[White "Villiers, Thomas"]
[Black "Lalic, Bogdan"]
[Result "1/2-1/2"]
[WhiteElo "2161"]
[BlackElo "2402"]
[Annotator "TA"]
[PlyCount "41"]
[EventDate "2020.12.21"]
[EventType "swiss"]
[EventCountry "NET"]
[SourceTitle "playchess.com"]
[Source "ChessBase"]
[SourceQuality "1"]

{[%evp 23,27,6,9,-8,-1,0]} 1. d4 e6 2. Nf3 d5 3. c4 a6 4. e3 Nf6 5. Nc3 dxc4 6. Bxc4 c5 7. O-O b5 8. Be2 Bb7 9. dxc5 Bxc5 10. Qxd8+ Kxd8 11. b3 Nbd7 12. Bb2 Ke7 13. Rfd1 {D27: Queen's Gambit Accepted: Classical main line: 7 e4!? and 7 a4.} Rac8 14. Rac1 {[#] An uneventful encounter. Not enough moves} {Predecessor:} Rhd8 $146 15. Nd4 Nd5 16. Nxd5+ Bxd5 17. Nf5+ exf5 18. Rxd5 f6 19. Rxf5 Bb6 20. Rd5 Rxc1+ 21. Bxc1 {½-½ (42) Burkart,L (1522)-Olszewski,A (1199) Bratislava 2019} 1/2-1/2

[Event "Caplin British Online-ch Open 2020"]
[Site "Online"]
[Date "2020.12.27"]
[Round "4.6"]
[White "O`Gorman, Tom"]
[Black "Evans, Harry G"]
[Result "1-0"]
[WhiteElo "2368"]
[BlackElo "2050"]
[Annotator "TA"]
[PlyCount "111"]
[EventDate "2020.12.21"]
[EventType "swiss"]
[EventCountry "NET"]
[SourceTitle "playchess.com"]
[Source "ChessBase"]
[SourceQuality "1"]

{[%evp 11,111,27,25,12,39,20,27,23,18,0,0,2,8,0,145,0,15,0,0,0,0,-60,-56,-53,-50,-55,-30,-87,-66,-68,-73,-95,-93,-33,0,0,0,0,0,0,0,-41,0,-59,-66,-66,-59,-64,-52,-94,-58,-109,-116,-101,-95,-115,-104,-103,-104,-96,-91,-92,7,25,46,41,77,96,281,250,396,393,460,443,688,650,29940,29941,29944,29946,29947,29946,29946,29949,12850,12847,9630,8238,29952,29952,29947,12328,29952,29953,29950,29955,29957,29953,29963,29946,5139,5106]} 1. e4 c6 2. d4 d5 3. Nc3 dxe4 4. Nxe4 Nf6 5. Nxf6+ exf6 6. c3 Bf5 7. Bd3 {B15: Caro-Kann: 3 Nc3: 3...g6 and 3...dxe4 4 Nxe4 Nf6 5 Nxf6+ exf6.} Bg6 (7... Bxd3 {keeps more tension.} 8. Qxd3 Bd6 9. Nf3 O-O 10. O-O Re8) 8. Nf3 Bd6 {[#]} 9. O-O $146 {White has an edge.} ({Predecessor:} 9. Qe2+ Qe7 10. Qxe7+ Kxe7 11. Ke2 Re8 12. Nh4 Kd8+ 13. Be3 Bxd3+ 14. Kxd3 g6 15. g3 {1-0 (62) Kokarev,D (2622)-Moiseenko,V (2543) Khanty-Mansiysk 2017}) 9... O-O 10. Nh4 Bxd3 11. Qxd3 Qc7 12. Nf5 Bxh2+ 13. Kh1 Bf4 $1 14. Re1 {Strongly threatening Re7.} Bxc1 15. Raxc1 g6 16. Re3 Qf4 $15 ({Not} 16... gxf5 $2 17. Rg3+ Qxg3 18. Qxg3+ Kh8 19. Qc7 $18) 17. Ne7+ Kg7 18. Rce1 Nd7 $1 19. g3 (19. Rf3 $11 Qh4+ 20. Kg1) 19... Qg4 ({Reject} 19... Qxf2 $6 20. R3e2 $14) 20. Re4 Qg5 21. f4 Qh5+ 22. Kg2 (22. Kg1 $17) 22... Qb5 (22... Qa5 {with more complications.} 23. f5 g5 24. a3 Rh8 25. c4 Rad8) 23. Qxb5 cxb5 24. Nd5 {And now Re7 would win.} Rac8 25. Re7 Rfd8 26. Nb4 Kf8 27. Kf1 (27. g4 $11) 27... a5 28. Nd5 b4 29. cxb4 axb4 30. b3 Rc2 31. Nxb4 ({White should play} 31. R1e2 $15 Rxe2 32. Rxe2 (32. Kxe2 $2 {perishes.} Nb6 $19)) 31... Rd2 $17 32. d5 f5 $1 33. R1e2 Rd4 34. a3 Nc5 {...Ne4 is the strong threat.} 35. Rc7 {[#]} Ne4 {[%cal Re4g3]} 36. Kg2 Ra8 (36... Nd6 $17 37. Kf1 Re8 38. Rxe8+ Kxe8) 37. Rxb7 $11 Rd1 38. a4 Rc8 39. Nc6 Rd3 $2 {[#] A mistake that costs the game.} (39... Nc5 $16 {was necessary.} 40. Ra7 Rxd5) 40. a5 $1 $18 Rxg3+ (40... Ra8 $142 41. Kh2 Nc5) 41. Kh2 {Black must now prevent Rxe4!} Rc3 42. a6 {aiming for a7.} Nc5 (42... Ra8 $142 43. a7 Kg7) 43. Ree7 Nxb7 44. axb7 R3xc6 45. dxc6 Rxc6 46. b8=Q+ Kxe7 {[%mdl 4096] Endgame KQ-KR} 47. Qb7+ Kd6 48. Qxf7 Rc7 49. Qf6+ Kc5 50. Qe5+ Kb6 51. Kg3 Rc5 52. Qb8+ Kc6 53. Kh4 Rb5 54. Qg8 Rb4 55. Qe6+ Kb5 56. Kg5 {Weighted Error Value: White=0.12/Black=0.64} 1-0

[Event "Caplin British Online-ch Open 2020"]
[Site "Online"]
[Date "2020.12.27"]
[Round "4.7"]
[White "Ismail, Mohammed Aayan"]
[Black "Grieve, Harry"]
[Result "1-0"]
[WhiteElo "1719"]
[BlackElo "2351"]
[Annotator "TA"]
[PlyCount "91"]
[EventDate "2020.12.21"]
[EventType "swiss"]
[EventCountry "NET"]
[SourceTitle "playchess.com"]
[Source "ChessBase"]
[SourceQuality "1"]

{[%evp 11,90,12,18,22,23,13,44,30,25,10,0,0,22,16,55,47,74,18,54,33,73,62,73,58,94,41,32,0,0,0,0,0,-12,0,0,0,103,77,90,0,85,-143,-135,-133,-130,-132,-130,-87,-62,-65,-59,-40,0,0,0,0,0,0,0,0,0,0,843,750,2402,2330,2209,2172,2244,2305,29983,29984,29988,29989,29991,29990,29990,29991,29991,29992,29999]} 1. Nf3 f5 2. g3 Nf6 3. Bg2 g6 4. d4 Bg7 5. O-O O-O 6. Nbd2 Nc6 7. c3 {A81: Dutch Defence: 2 g3.} a5 8. a4 {[#]} Kh8 $146 ({Predecessor:} 8... e6 9. Qc2 d5 10. b3 Re8 11. Ba3 e5 12. dxe5 Nxe5 13. Nd4 c6 14. Rad1 Qb6 {1-0 (32) Peregudov,N (2415)-Malaniuk,V (2600) Omsk/Perm 1998}) 9. Re1 {White is slightly better.} d5 10. Ne5 Nxe5 11. dxe5 Ne4 12. f4 Ra6 13. c4 c6 14. Nxe4 (14. cxd5 $16 cxd5 15. Nf3) 14... fxe4 15. Be3 Be6 16. cxd5 cxd5 17. Qd4 Qb8 18. Rac1 (18. Bd2 $16) 18... g5 $14 19. Qc5 gxf4 20. gxf4 Qe8 21. Rc3 Bh6 22. Rf1 Rc6 23. Qxa5 Qh5 (23... Rxc3 $11 24. bxc3 Qh5) 24. Rxc6 $16 bxc6 25. Rf2 ({White should try} 25. Qd2 $16) 25... Qh4 (25... d4 $1 $11 26. Bxd4 Bxf4 27. Rxf4 (27. Bxe4 Qh4 $17) 27... Rxf4 28. Qd8+ {[%mdl 64] Double Attack} Kg7 29. Qxe7+ {[%mdl 64] Double Attack} Rf7 30. Qxe6 Qxe2) 26. Kh1 $2 {[#]} (26. Qc5 $16 {stays on course.}) 26... d4 $1 $36 {[%cal Rd4e3][%mdl 2048] Black is really pushing.} (26... Bxf4 $6 27. Rxf4 Rxf4 28. Bxf4 $11) 27. Bxd4 Bxf4 28. Rxf4 ({But not} 28. Bxe4 $2 Bh6 $19) 28... Qxf4 29. Qc5 Qg5 30. a5 $1 Rg8 $1 {[%csl Gg8][%cal Rg5g2] [#]} 31. Bxe4 Qh4 {[%cal Rh4e4]} (31... Rg7 $5 {[%cal Re6h3]} 32. Be3 (32. Qxc6 $2 Qf4 $19) (32. Bxc6 $2 Bh3 $19) 32... Qh4 33. Bxc6 Qe1+ 34. Bg1 Qxe2 $11) 32. Bf3 Qe1+ 33. Bg1 Bd5 34. Bxd5 cxd5 $11 {[%mdl 4096] Endgame KQR-KQB} 35. e6 {And now a6 would win.} h6 {Strongly threatening ...Kh7.} 36. a6 $1 {[%cal Ba5a6,Ba6a7][%mdl 32] aiming for a7.} Qb1 $2 {[%mdl 8192]} (36... Kh7 $11 37. a7 (37. Qxe7+ $2 Rg7 $19) 37... Qb1) 37. Qd4+ $18 Rg7 38. a7 Qa2 39. b4 Kh7 40. Qd3+ Rg6 41. Bd4 {White mates.} h5 42. h4 Kh6 43. Qe3+ Kh7 44. Qe5 {[%csl Gd4][%cal Re5h8]} Qb1+ 45. Kh2 {[%csl Gd4][%cal Re5h8]} Rg8 46. Qxh5# {Weighted Error Value: White=0.22/Black=0.33} 1-0

[Event "Caplin British Online-ch Open 2020"]
[Site "Online"]
[Date "2020.12.27"]
[Round "4.8"]
[White "Goss, Alex"]
[Black "Claridge-Hansen, William"]
[Result "0-1"]
[WhiteElo "1833"]
[BlackElo "2290"]
[Annotator "TA"]
[PlyCount "62"]
[EventDate "2020.12.21"]
[EventType "swiss"]
[EventCountry "NET"]
[SourceTitle "playchess.com"]
[Source "ChessBase"]
[SourceQuality "1"]

{[%evp 9,62,0,-1,-4,-4,-6,-2,-27,-38,-25,-6,-11,6,0,0,0,0,0,11,0,12,0,0,-8,-9,-35,-5,-28,-11,-17,-10,-31,-30,-39,-31,-39,-39,-39,-39,-91,-39,-91,-91,-91,-91,-91,-82,-143,-143,-143,-143,-252,-243,-843,-875]} 1. e4 c5 2. Nf3 e6 3. c4 Nc6 4. Nc3 Nd4 5. d3 Ne7 6. Nxd4 {B40: Sicilian: 2...e6, Unusual lines.} (6. Be2 {is more complex.} Nec6 7. O-O Be7 8. Nxd4 cxd4 9. Na4) 6... cxd4 7. Nb5 {[%cal Rb5d6,Bc3b5,Bb5a3,Ba3c2][%mdl 32]} Nc6 8. f4 {[#] The position is equal.} a6 $146 ({Predecessor:} 8... Be7 9. Be2 O-O 10. O-O a6 11. Na3 Rb8 12. Nc2 b5 13. b3 Qb6 14. Kh1 Bb7 {0-1 (46) Zilinskas,V (2138)-Bucinskas,V (2361) Lithuania 2012}) 9. Na3 Bb4+ 10. Bd2 Qa5 11. Nc2 Bxd2+ 12. Qxd2 Qxd2+ 13. Kxd2 d6 14. Be2 e5 15. f5 b5 16. b3 Ke7 17. Rab1 Bd7 18. Rhc1 b4 19. a3 bxa3 20. Ra1 Rab8 {aiming for ...Na5.} 21. Rxa3 Rb6 22. Rca1 a5 23. Rb1 g6 24. Bf3 {[#]} (24. g4 $15) 24... Rg8 (24... h5 $1 $17) 25. g3 {[#]} (25. g4 $15) 25... h5 $1 $17 (25... gxf5 $6 26. exf5 Rgb8 27. g4 $11) 26. Rf1 Rgb8 (26... gxf5 $6 27. exf5 f6 28. Rb1 $11) 27. Na1 Rb4 ({Much weaker is} 27... gxf5 $6 28. exf5 Bxf5 29. c5 $11 (29. Bxc6 Bh3 $15)) 28. Rb1 (28. Bd1 $142) 28... a4 {[%cal Ba5a4,Ba4b3][%mdl 32]} 29. fxg6 fxg6 30. Nc2 (30. Bd1 $17 {is a better defense.}) 30... Rxb3 $19 31. Rbxb3 (31. Raxb3 axb3 32. Ne1) 31... axb3 {Weighted Error Value: White=0.41/Black=0.06} ({Less strong is} 31... Rxb3 32. Rxa4 Rb8 33. h4 $15) 0-1

[Event "Caplin British Online-ch Open 2020"]
[Site "Online"]
[Date "2020.12.27"]
[Round "4.9"]
[White "Gurner, Jem"]
[Black "Cox, Tristan A"]
[Result "0-1"]
[WhiteElo "1800"]
[BlackElo "2141"]
[Annotator "TA"]
[PlyCount "74"]
[EventDate "2020.12.21"]
[EventType "swiss"]
[EventCountry "NET"]
[SourceTitle "playchess.com"]
[Source "ChessBase"]
[SourceQuality "1"]

{[%evp 9,74,-28,-28,-25,-27,-36,-41,-38,-18,-32,-23,-81,0,-85,-94,-105,-77,-85,-77,-77,-82,-90,-84,-91,-92,-168,-98,-100,-48,-153,-126,-110,-51,-59,-40,-41,-23,-39,-39,-53,-47,-37,-7,-72,-60,-54,-35,-81,-69,-185,-23,-459,-455,-479,-479,-1450,-1372,-29982,-29983,-29988,-29989,-29989,-29990,-29994,-29995,-29998,-29999]} 1. d4 d5 2. Nc3 Nf6 3. Bf4 e6 4. e3 Bb4 5. Nge2 O-O 6. a3 {D00: 1 d4 d5: Unusual lines.} Be7 7. Ng3 b6 8. Bd3 {Black is slightly better.} c5 9. O-O Nc6 {[#]} 10. Be5 $146 (10. dxc5 $11 {remains equal.} bxc5 11. e4) ({Predecessor:} 10. dxc5 bxc5 11. Bb5 Bb7 12. Qf3 Qb6 13. Qe2 a6 14. Ba4 Qxb2 15. Qd2 Qb6 16. Rab1 {0-1 (40) Convent,C-Breitenstein,E DESC email 2004}) 10... Nd7 (10... Bb7 $17) 11. f4 (11. Qh5 g6 $17) (11. Nxd5 $1 $11 {keeps the balance.} exd5 12. Bf4) 11... g6 $17 12. Qg4 f5 (12... a6 {looks sharper.} 13. Qh3 f5 14. Be2 Bb7 15. Kh1 b5) 13. Qf3 {Threatening Nxd5.} Ndxe5 14. dxe5 Bb7 15. Rad1 a6 16. Qf2 b5 17. e4 {[#]} (17. Be2 $17) 17... d4 (17... dxe4 18. Bxe4 Qc7 19. Bf3 $11) (17... Nxe5 $1 $19 {[%mdl 512]} 18. exf5 (18. fxe5 $2 fxe4 {[%mdl 64] Discovered Attack} 19. Qd2 exd3 $19) 18... Nxd3 19. Rxd3 c4) 18. exf5 gxf5 (18... exf5 $17 19. Be2 Na5) 19. Nh5 Kh8 (19... dxc3 20. Qg3+ Kf7 21. Bxf5 $1 $16) 20. Be2 Qb6 ({Black should play} 20... Na5 $17 {White must now prevent ...Rg8.} 21. Nb1 (21. Qg3 $2 Rg8 $19) 21... Rg8) 21. Nb1 $15 ({Don't blunder} 21. Qg3 $2 Rg8 $19) 21... c4 {And now ...Bc5 would win.} 22. Bf3 Bc5 23. Qh4 Qc7 $36 {[%mdl 2048] Threatens to win with ...d3+. Black is pushing.} 24. Kh1 Rad8 25. Nf6 Qg7 26. Qh3 (26. Qf2 $11) 26... Be7 $17 27. Nh5 Qh6 28. Nd2 Rg8 29. g3 {[#]} (29. b4 $15) 29... Rg4 $2 30. Qg2 $2 {[%mdl 8192] This move loses the game for White.} Qxh5 $19 31. Bxc6 {[#]} Rxg3 $3 {[%mdl 576] Deflection} 32. Qxg3 (32. Bxb7 $142 Rxg2 33. Bxg2) 32... Bxc6+ 33. Nf3 Rg8 {Black mates.} 34. Qf2 Bh4 35. Qe2 Bg3 36. Rxd4 {[#]} Bxh2 $1 {[%mdl 576] Pin} 37. Rd6 (37. Rd2 Bg1+) 37... Bxf4+ {[%mdl 64] Discovered Attack.  Weighted Error Value: White=0.69/Black=0.21} 0-1

[Event "Caplin British Online-ch Open 2020"]
[Site "Online"]
[Date "2020.12.27"]
[Round "4.10"]
[White "Toma, Katarzyna"]
[Black "Hebden, Mark L"]
[Result "1-0"]
[WhiteElo "2289"]
[BlackElo "2453"]
[Annotator "TA"]
[PlyCount "103"]
[EventDate "2020.12.21"]
[EventType "swiss"]
[EventCountry "NET"]
[SourceTitle "playchess.com"]
[Source "ChessBase"]
[SourceQuality "1"]

{[%evp 20,103,0,-7,-6,-31,-26,-32,-31,-24,-30,-19,-32,-58,-54,-69,-40,-58,-3,-3,0,-12,0,-84,-82,-70,-4,0,0,-83,-51,-68,-80,-65,-68,-80,-8,-10,-4,-6,0,0,0,0,4,0,0,0,43,68,52,43,81,77,74,70,164,149,262,58,162,87,82,90,91,90,97,93,1028,1028,989,967,945,945,940,942,872,877,856,862,841,768,749,744,6512,1362]} 1. e4 e5 2. Nf3 Nc6 3. Bb5 a6 4. Ba4 Nf6 5. Qe2 Be7 6. c3 b5 7. Bb3 O-O 8. O-O d5 9. d3 Re8 {is now more promising than 9...Bb7.} 10. Rd1 Bb7 11. Nbd2 Bf8 {C86: Closed Ruy Lopez: Worrall Attack.} 12. Nf1 Na5 13. Bc2 c5 {Black is slightly better.} 14. Bg5 h6 15. Bh4 Qb6 {[#]} 16. Ne3 $146 ({Predecessor:} 16. Bxf6 Qxf6 17. exd5 Bxd5 18. N3d2 Rad8 19. Ne3 Bc6 20. Re1 Qg6 21. f3 Qd6 22. a4 {½-½ (39) Moser,R (2295)-Weber,K (2204) ICCF email 2011}) 16... d4 $1 {[%cal Rd4e3]} ({Reject} 16... dxe4 $6 17. dxe4 g5 18. Bg3 $11) 17. cxd4 cxd4 18. Nf5 Bc8 (18... Nd7 $15) 19. Qd2 $11 Bxf5 20. exf5 Nd5 21. f6 (21. a3 $11 {remains equal.}) 21... Bb4 $17 22. Qe2 Nxf6 (22... Nf4 $15 23. Qe4 Rac8) 23. a3 $11 Bf8 24. Nxe5 (24. b4 $11 Nc6 25. Bxf6 gxf6 26. Bb3) 24... Qe6 25. Qd2 Qxe5 26. Qxa5 Bd6 $1 27. Bg3 Qd5 ({Black should play} 27... Qc5 $17 {Threatens to win with ...Bxg3.} 28. Qd2 Bxg3 29. fxg3 Qh5) 28. Re1 $1 Bxg3 29. hxg3 Ng4 {Hoping for ...Qh5.} 30. Bd1 Ne5 31. Qd2 Rac8 32. f4 Nd7 33. Bg4 Re3 34. Rxe3 dxe3 35. Qxe3 Rc2 {[%csl Gc2][%cal Rd5g2]} 36. Bf3 Qd6 37. d4 Rxb2 (37... g6 $14) 38. Rc1 $18 Ra2 {[#]} (38... Nf8 $16 {keeps fighting.}) 39. Rc3 $2 (39. Rc6 $1 $18 {[%cal Rc6d6]} Qf8 40. Rxa6) 39... a5 {[#]} (39... Qe6 $14) 40. Kh2 ({Better is} 40. Qe8+ $1 $18 Nf8 41. Kh2) 40... Nf6 $16 41. Rc8+ Kh7 42. Qd3+ g6 43. Qxb5 {Black must now prevent Rc6!} Qxd4 $2 {[%mdl 8192] This move loses the game for Black.} (43... Rxa3 $16 44. Qe5 Qe6) 44. Qb3 $18 {[%cal Rb3f7][%mdl 64] Double Attack. White is clearly winning.} Rxg2+ 45. Kxg2 {[%cal Rb3f7]} ({And not} 45. Bxg2 Ng4+ 46. Kh3 Nf2+ 47. Kh2 Ng4+ 48. Kh3 Nf2+ 49. Kh2 Ng4+ $11) 45... Qd2+ 46. Kf1 {[%cal Rb3f7]} Qd7 47. Qc3 Qh3+ 48. Bg2 Qf5 49. Rb8 h5 50. Qe5 Qd3+ 51. Kg1 Qa6 52. Qe7 {Weighted Error Value: White=0.24/Black=0.22} 1-0

[Event "Caplin British Online-ch Open 2020"]
[Site "Online"]
[Date "2020.12.27"]
[Round "4.11"]
[White "Balaji, Aaravamudhan"]
[Black "Volovich, Julia"]
[Result "0-1"]
[WhiteElo "2206"]
[BlackElo "1674"]
[Annotator "TA"]
[PlyCount "86"]
[EventDate "2020.12.21"]
[EventType "swiss"]
[EventCountry "NET"]
[SourceTitle "playchess.com"]
[Source "ChessBase"]
[SourceQuality "1"]

{[%evp 23,86,0,10,0,-6,-66,-64,-97,-83,-91,-85,-87,-88,-94,-83,-142,-88,-83,-75,-81,-79,-96,-67,-61,-63,-58,-32,-53,-33,-45,-46,-57,0,0,0,0,0,0,0,0,0,0,0,0,0,-12,0,-8,-15,-116,-121,-120,-115,-145,-115,-682,-658,-713,-243,-533,-523,-29993,-29993,-29997,-1312]} 1. d4 Nf6 2. c4 g6 3. Nc3 d5 4. cxd5 Nxd5 5. e4 Nxc3 6. bxc3 Bg7 7. Be3 c5 8. Nf3 Qa5 9. Qd2 Nc6 10. Rc1 cxd4 11. cxd4 Qxd2+ 12. Kxd2 O-O 13. d5 {13.Bb5 deserves study. D85: Exchange Grünfeld: Unusual White 7th moves and lines with 7 Nf3.} Rd8 14. Bd3 (14. Ke1 $11 Nb4 15. Bd2) 14... Nb4 $15 15. Bb1 {[#] Black is slightly better.} f5 $146 ({Predecessor:} 15... e6 16. Bc5 exd5 17. Ke2 Na6 18. Rhd1 Nxc5 19. Rxc5 d4 20. h3 b6 21. Rc7 Ba6+ {0-1 (47) Parks,J (1844)-Mitchell,J (1708) Dundee 2012}) 16. Rhd1 fxe4 17. Bxe4 Bf5 18. Bxf5 gxf5 (18... Rxd5+ 19. Ke1 $15) 19. Ke1 (19. a4 $142) 19... Nxd5 (19... Nxa2 $142 20. Rc7 Nc3 {[%mdl 64] Double Attack}) 20. Bd4 $17 e6 21. Ng5 {[#] Strongly threatening Bxg7.} Re8 22. Kf1 Bh6 23. h4 Bxg5 24. hxg5 Kf7 25. Rd3 Kg6 (25... Rac8 $5 {[%cal Rc8c1]} 26. Rb1 b6 $15) 26. Be5 Rac8 ({Worse is} 26... Kxg5 27. Rg3+ Kh6 28. Ke2 Nc3+ 29. Bxc3 Kh5 30. Rh1#) 27. Re1 Kxg5 ({Black should play} 27... Rc2 $15) 28. Rg3+ $11 Kh5 29. Ke2 {[%cal Re1h1]} Rc4 $1 {[%cal Rc4g4]} ({Not} 29... Rc2+ $2 30. Kf3 $18) 30. Rh1+ Rh4 31. Rxh4+ Kxh4 {[%mdl 4096] Endgame KRB-KRN} 32. Rg7 Rc8 33. g3+ Kh5 $1 34. Kf3 Rc2 35. a3 Ra2 36. Bd6 (36. Rxh7+ $11 Kg6 37. Rg7+ Kh6 38. Rxb7) 36... Rb2 $17 37. Be5 Rb3+ {[%mdl 64] [#] Double Attack} 38. Kg2 Kh6 ({Don't play} 38... Rxa3 39. Rxh7+ Kg6 40. Rg7+ Kh6 41. Rxb7 $11) 39. f4 $2 {[%mdl 8192] This move loses the game for White.} (39. Rd7 $17) 39... Ne3+ $19 40. Kh3 {Threatening mate with Rg5.} Ng4 $2 (40... Rb1 {[%cal Rb1h1]} 41. Kh2 Ng4+ 42. Kh3 Nxe5) 41. Ba1 $2 (41. Re7 {was worth a try.}) 41... Rxa3 42. Kh4 Rxa1 {[%cal Ra1h1]} 43. Rg6+ Kxg6 {[%cal Ra1h1] Weighted Error Value: White=0.63/Black=0.22} 0-1